| 000 | 00450nam a2200121Ia 4500 | ||
|---|---|---|---|
| 008 | 220615s9999||||xx |||||||||||||| ||und|| | ||
| 245 | 0 | _aEthnic Diversity and the Control of Natural Resources in Southeast Asia | |
| 546 | _aEnglish[eng] | ||
| 650 | _aSociology and anthropology | ||
| 700 | _aTerry Rambo, A.||Gillogly, Kathleen||Hutterrer, Karl L. | ||
| 856 | _uhttps://library.oapen.org/bitstream/20.500.12657/41858/1/9780472902309.pdf | ||
| 942 | _cEB | ||
| 999 |
_c17356 _d17356 |
||